000 01683nam a2200253 a 4500
999 _c1727
_d1727
003 AR-BaISA
005 20250207123121.0
007 ta
008 250207s2007 ag ado|f |||| 00| 0 spa d
020 _a978987962010
040 _bspa
_cAR-BaISA
082 _222
_a616.302 31 L978
100 _93559
_aLylyk, Pedro
_eaut.
245 1 0 _aAtaque Cerebro Vascular:
_brescate y prevención /
_cPedro Lylyk, José Francisco Villa, Carlos Alberto Ingino
260 _aBuenos Aires:
_bSinopsis,
_c2007
300 _a188 p.:
_bil., graf., fotos.
504 _aBibliografía al final de cada capítulo
505 _tIntroducción al manejo del paciente con ataque cerebral --
_tRescate del paciente con ataque cerebro vascular --
_tImágenes en el diagnóstico del ataque cerebral --
_tRescate del paciente con ataque cerebro vascular isquémico antes de las 03.00 horas --
_tRescate del paciente con ataque cerebro vascular isquémico después de las 03.00 primeras horas --
_tRescate del ataque isquémico por arterias --
_tAtaque cerebral isquémico: manejo de las complicaciones durante la internación --
_tManejo del paciente con ataque isquémico transitorio y ateromatosis intracraneal --
_tRescate del paciente con ataque cerebral hemorrágico --
_tManejo de la hemorragia --
_tRehabilitación y egreso --
_tPrevención antes del ataque cerebral (I) --
_tPrevención del ataque cerebral (II) --
_tPrevención del ataque cerebral (III)
650 1 4 _93560
_aAccidente Cerebro Vascular
_vdiagnóstico
650 1 4 _93560
_aAccidente Cerebro Vascular
_vtratamiento
700 _93561
_aVila, José Francisco
_eaut.
700 _93562
_aIngino, Carlos Alberto
_eaut.
942 _2ddc
_cLI
_e22